| 000 | 00637nam a22002177a 4500 | ||
|---|---|---|---|
| 003 | OSt | ||
| 005 | 20240530110427.0 | ||
| 008 | 150325s2012 ko ao f 000 0 eng d | ||
| 020 | _a9788957704769 (hbk.: v.3) | ||
| 020 | _a9788957704776 (hbk.: v.4) | ||
| 020 | _a9788957704752 (set) | ||
| 040 |
_aEG-CaGPL _cEG-CaGPL |
||
| 082 | 0 | 4 |
_221 _a712.6 \ _bA T |
| 110 | 0 | _aArchiworld | |
| 245 | 1 | 0 |
_aTheme II: _blandscape + architectrue / _cArchiworld |
| 260 |
_aSeoual, Korea: _bArchiworld co. ltd. ; _c2012. |
||
| 300 |
_a2 v.: _bcol. ill., _c30 cm. |
||
| 650 | 0 | _aLandscape architecture | |
| 942 |
_2ddc _cBK |
||
| 999 |
_c60775 _d60775 |
||